01377nam a22002537a 4500003000500000008004100005040002000046041000800066082002700074100004600101245006400147250002600211260006400237300003900301336002700340337003300367338002900400505043200429650002700861650004100888942001400929952016300943999001701106BPGM260619b2008 mx bj||| |||| 001 0 spa d aQUERETARO bspa aspa042920.72 /a M828c 2008 aGUTIÉRREZ GRAGEDA, BLANCAeCOORDINADORA aLA CONSTITUCION DE LA DEMOCRACIAbEN QUERÉTARO: 1824-1991 aPRIMERA EDICIONb2008 aQUERÉTARO ; bUNIVERSIDAD AUTONOMA DE QUERETARO ,c2008 . a388 páginasc21.3 cm x 17.2 cm  2rdacontentatextobtxt 2rdamediaasin mediaciónbn 2rdacarrieravolumen bnc aLA CONSTRUCCIÓN DE LA DEMOCRACIA EN QUERÉTARO (1824-1991) ES UNA OBRA HISTÓRICA Y SOCIOLÓGICA COORDINADA POR BLANCA GUTIÉRREZ GRAGEDA, MARTAGLORIA MORALES GARZA Y EVARISTO MARTÍNEZ CLEMENTE. EL LIBRO EXPLICA QUE LA DEMOCRACIA EN EL ESTADO NO APARECIÓ DE LA NOCHE A LA MAÑANA, SINO QUE FUE EL RESULTADO DE UNA LARGA TENSIÓN ENTRE EL CONTROL POLÍTICO DE LAS ÉLITES Y LAS DEMANDAS DE APERTURA DE LA SOCIEDAD. aGEOGRAFÍA E HISTORIA aBIOGRAFÍA, GENEALOGÍA, INSIGNIAS 2ddccCOLQ 00102ddc40728ESPQaBPCEFCbBPCEFCcSALA QUERÉTARO ACCESO B PLANTA ALTAd2026-06-19l0o 920.72/ M828c 2008r2026-06-19 20:22:57tEJ.1w2026-06-19yCOLQ c68651d68651